A banking thoroughbred
Saved in:
| 主要作者: | |
|---|---|
| 格式: | 圖書 |
| 出版: |
Kuala Lumpur
Public Bank Berhad
2006
|
| 主題: | |
| 標簽: |
添加標簽
沒有標簽, 成為第一個標記此記錄!
|
| LEADER | 00875pam a2200205 4500 | ||
|---|---|---|---|
| 001 | 0000056792 | ||
| 008 | 120130s2006 my eng | ||
| 020 | |a 9839972251 | ||
| 090 | 0 | 0 | |a HG1552 |b .P32 2006 |
| 100 | 1 | |a Paddy, Bowie |9 105361 | |
| 245 | 1 | 2 | |a A banking thoroughbred |c /Paddy Bowie |
| 260 | |a Kuala Lumpur |b Public Bank Berhad |c 2006 | ||
| 300 | |a 439 p. |b ill. col. |c 24 cm | ||
| 650 | 0 | |a Bankers |z Malaysia |x Biography |9 105362 | |
| 650 | 0 | |a Banks and banking |z Malaysia |x Biography |9 105363 | |
| 998 | 0 | 0 | |a rh/300112 |
| 999 | |c 56616 |d 56616 | ||
| 997 | |a GIFT | ||
| 952 | |0 0 |1 0 |2 lcc |4 0 |7 0 |9 81246 |a PLHKI |b PLHKI |c Open Shelf |d 2019-02-26 |e GIFT |g 0.00 |l 0 |o HG1552 P32 2006 |p 0000069396 |r 2012-11-29 |s 2012-11-29 |w 2019-02-26 |y BOK - OS | ||
| 952 | |0 0 |1 0 |2 lcc |4 0 |7 0 |9 81247 |a PLHKT |b PLHKT |c Open Shelf |d 2019-02-26 |e GIFT |g 0.00 |l 0 |o HG1552 P32 2006 |p 0000069397 |r 2012-11-29 |s 2012-11-29 |w 2019-02-26 |y BOK - OS | ||